|
|
|
|
| LEADER |
00000nam a2200000 i 4500 |
| 001 |
1/64597 |
| 008 |
041102s2002 eng d |
| 020 |
|
|
|a 0-387-95364-7 (hbk.)
|
| 035 |
|
|
|l 10075033
|
| 040 |
|
|
|a GR-MY-UA
|b gre
|e aacr
|
| 041 |
0 |
|
|a eng
|
| 082 |
0 |
|
|a 570.151
|
| 100 |
1 |
|
|a Burnham, Kenneth P.
|
| 245 |
1 |
0 |
|a Model selection and multimodel inference :
|b a practical information - theoritic approach /
|c Kenneth P. Burnham, David R. Anderson
|
| 250 |
|
|
|a 2nd ed.
|
| 260 |
|
|
|a New York :
|b Springer,
|c c2002
|
| 300 |
|
|
|a xxvi, 488 σ.;
|b εικ.;
|c 24 εκ.
|
| 504 |
|
|
|a Περιλαμβάνει βιβλιογραφικές αναφορές και ευρετήριο
|
| 650 |
0 |
0 |
|a Biology
|x Mathematical models.
|
| 650 |
0 |
0 |
|a Mathematical statistics.
|
| 700 |
1 |
|
|a Anderson, David R.
|
| 852 |
|
|
|a INST
|b CHIOS
|e 20041102
|h 570.151 BUR
|p 005200022944
|q 005200022944
|t BK
|y 0
|
| 852 |
|
|
|a INST
|b LESVOS
|e 20080930
|h 570.151 BUR
|p 005100044366
|q 005100044366
|t BK
|y 0
|
| 901 |
|
|
|a BIBL2-2004-3
|
| 901 |
|
|
|a BIBL1-2008-3
|
| 909 |
|
|
|a Χ
|b 106730
|
| 909 |
|
|
|a Λ
|b 143927
|
| 922 |
|
|
|a 2ΕΛΗ
|b 200310
|c ΤΔΕ
|d ΜΙΧΑΛΟΠΟΥΛΟΣ
|
| 922 |
|
|
|a 1ΕΛΗ
|b 200801
|c ΕΠΕΑΕΚ2/ΤΠ
|d ΠΑΠΑΣΩΤΗΡΙΟΥ
|
| 950 |
|
|
|a 112-2003-09-05
|
| 970 |
|
|
|a ΣΠΕΝΤΖΑ
|b ΕΛΕΝΗ
|z 2004/11/02
|